Niezapomniane Jedenastki #3: Brazylia 1958 - Statystyki

Ogólne statystyki
  • Ten quiz został rozwiązany 41 razy
  • Średni wynik to 3 z 11
Statystyki odpowiedzi
Pozycja Klub Inicjały Odpowiedź % Poprawnych
N Santos P Pele
100%
PS Botafogo G Garrincha
75%
N Vasco da Gama V Vava
31%
ŚP Botafogo D Didi
25%
LO Botafogo NS Nilton Santos
22%
BR Corinthians G Gilmar
19%
LS Flamengo MZ Mario Zagallo
19%
ŚP Santos Z Zito
17%
ŚO Vasco da Gama HB Hilderaldo Bellini
11%
ŚO Vasco da Gama O Orlando
11%
PO Sao Paulo NdS Nilton de Sordi
6%
Nie znaleziono quizów pasujących do podanych kryteriów
Rozkład punktacji
Procent ludzi z każdym wynikiem
Percentyl według liczby udzielonych odpowiedzi
Twoja historia wyników
Nie rozwiązałeś tego quizu